000 01037nas a2200373 4500
001 BR2011006020
003 BR-BrBNA
005 20231205115148.0
007 ta
008 230509b bl.|||p| |||| 00| 00por d
040 _aBR-BrBNA
_bpor
_cBiblioteca Nacional de Agricultura
041 _a(Pt)
072 _aF01; E70
100 1 _aTombolato, A.F.C.
100 1 _aUzzo, R.P.
100 1 _aJunqueira, A.H.
100 1 _aPeetz, M. da S.
100 1 _aStancato, G.C.
100 1 _aAlexandre, M.A.V.
245 1 _aBilbosas ornamentais no Brasil
650 _aPLANTA ORNAMENTAL
650 _aBULBO
650 _aPRODUÇÃO VEGETAL
650 _aALSTROEMERIA
650 _aCOPO DE LEITE
650 _aGLADIOLO
650 _aLÍRIO
650 _aMERCADO
650 _aCOMERCIALIZAÇÃO
650 _aEXPORTAÇÃO
773 0 _tRevista Brasileira de Horticultura Ornamental (Brazil)
_xISSN 1809-6093
_g(2010), v. 16(2) p. 127-138
_wBR2011006020
909 _a202311
_bLúcia
_c55
_dLúcia Elande
942 _2AGRIS
_n0
_cANA
999 _c212392
_d212392